000 00435nam a2200181Ia 4500
001 11685
005 20260306162846.0
008 260306t1963||||xx |||||||||||||| ||spa||
041 _aESP
082 _a987.03
_bG77
100 _aGrases , Pedro
_eAUT
245 0 _aTiempo de Bello en Londres y otros ensayos
260 _c1963
300 _a315 páginas :
_c22 cm.
650 _aGEN
654 _aCHU
942 _cLIB
_dJUS
_fJUS
_2ddc
_n
999 _c11685
_d11685